THE PHYSICS OF ELECTRICITY AND MAGNETISM (Record no. 567691)

000 -LEADER
fixed length control field 00345nam a22001217a 4500
082 ## - DEWEY DECIMAL CLASSIFICATION NUMBER
Classification number 537 SCO'P
100 ## - MAIN ENTRY--PERSONAL NAME
Personal name SCOTT, WILLIAM TAUSSIG
9 (RLIN) 57403
245 ## - TITLE STATEMENT
Title THE PHYSICS OF ELECTRICITY AND MAGNETISM
260 ## - PUBLICATION, DISTRIBUTION, ETC.
Place of publication, distribution, etc. NEWYORK
Name of publisher, distributor, etc. TOPPAN COMPANY
Date of publication, distribution, etc. 1959
300 ## - PHYSICAL DESCRIPTION
Extent 635P
650 ## - SUBJECT ADDED ENTRY--TOPICAL TERM
Topical term or geographic name entry element ELECTRICITY AND MAGNETISM MAGNETISM - ELECTRICITY
9 (RLIN) 57404
942 ## - ADDED ENTRY ELEMENTS (KOHA)
Koha item type Book
Holdings
Withdrawn status Lost status Damaged status Not for loan Permanent Location Current Location Date acquired Total Checkouts Full call number Barcode Date last seen Price effective from Koha item type
        College of Electrical & Mechanical Engineering (CEME) College of Electrical & Mechanical Engineering (CEME) 07/13/2017   537 SCO'P CEME-4081 06/28/2021 06/28/2021 Book
© 2023 Central Library, National University of Sciences and Technology. All Rights Reserved.